000 02337cim a2200337 i 4500
005 20230228134212.0
007 sd fungnnuuneu
008 221012s2022 nnnn ## n eng d
020 _a9781713681816 (audiobook)
_c34.99
040 _aCTMMSN
_beng
_erda
_cCTMMSN
082 0 4 _a813/.6
_223
082 0 4 _a[FIC]
092 _aAudiobooks Fiction
_bDev, Sonali
100 1 _aDev, Sonali,
_eauthor.
_95980754
245 1 4 _aThe vibrant years /
_cSonali Dev.
250 _aUnabridged.
264 2 _aOld Saybrook, Connecticut :
_bwww.micromarketing.org
264 1 _a[Grand Haven, Michigan?] :
_b[Brilliance Audio],
_c[2022].
300 _a9 sound discs (approximately N/A hours) :
_bdigital, CD audio ;
_c4 3/4 in.
336 _aspoken word
337 _aaudio
338 _aaudio disc
500 _a[Typographic symbols and accents removed for systems compatibility.]
511 0 _aRead by Soneela Nankani [and others].
520 _a"Living on their own terms means being there for one another. When sixty-five-year-old Bindu Desai inherits a million dollars, she's astounded--and horrified. The windfall threatens to expose a shameful mistake from her youth. Desperate to keep the secret, Bindu quickly spends it on something unexpected: a condo in a posh retirement community in Florida. The impulsive decision blindsides Bindu's daughter-in-law, Aly. At forty-seven, Aly still shares a home with Bindu even after her divorce from Bindu's son. But maybe this change is just the push Aly needs to fight for the segment she's been promised for years at the news station where she works. As Bindu and Aly navigate their new dynamic, Aly's daughter, Cullie, is faced with losing the business that made her a tech-world star. The only way to save it is to deliver a new idea to her investors--and of course they want the half-baked dating app she pitched them in a panic. Problem is, Cullie has never been on a real date. Naturally, enlisting her single mother and grandmother to help her with the research is the answer."--Provided by publisher.
650 0 _aInheritance and succession
_vFiction.
_95673711
655 7 _aAudiobooks.
_2lcgft
700 1 _aNankani, Soneela,
_enarrator.
_95896543
942 _2ddc
_cAUDIOBOOK
949 _nwww.MicroMarketing.org 800-229-9887
999 _c379321
_d379321